[Event "306th YMCA Autumn A"]
[Site "Warsaw"]
[Date "2025.11.28"]
[Round "10"]
[White "Podgorski, Maciej"]
[Black "Choroszej, Aleksander"]
[Result "1/2-1/2"]
[WhiteElo "2012"]
[BlackElo "2078"]
[PlyCount "142"]
[EventDate "2025.09.26"]
[EventType "tourn"]
[EventRounds "1"]
[EventCountry "POL"]
[SourceDate "2025.10.01"]

1. e4 g6 2. d4 Bg7 3. c3 d6 4. Bd3 Nf6 5. Nf3 O-O 6. O-O Nc6 7. Re1 e5 8. Bg5
h6 9. Bh4 exd4 10. cxd4 g5 11. Bg3 g4 12. d5 gxf3 13. dxc6 bxc6 14. Qxf3 Nd7
15. Qe2 Ne5 16. Bc2 Rb8 17. Bb3 Be6 18. Nd2 c5 19. Rac1 Nc6 20. Bxe6 fxe6 21.
Nc4 Qe7 22. b3 Rf7 23. Red1 Nd4 24. Qd3 h5 25. h4 Rbf8 26. Rf1 Bh6 27. Ne3 Rg7
28. Kh2 Bf4 29. Kh3 e5 30. Bxf4 Rxf4 31. g3 Qd7+ 32. Kg2 Rxh4 33. Rh1 Rxh1 34.
Rxh1 Qf7 35. Nf5 Nxf5 36. exf5 Rg5 37. f6 Qxf6 38. Qd5+ Kg7 39. Qb7 Qf7 40.
Qxa7 Rf5 41. Rf1 h4 42. g4 Rf3 43. Qb7 h3+ 44. Kh1 d5 45. a4 d4 46. Qc8 Rxb3
47. Qa8 Rb8 48. Qc6 Rb6 49. Qe4 Qf4 50. Qd5 Rd6 51. Qb7 Rd7 52. Qc6 Rf7 53. a5
e4 54. f3 Qg3 55. Rg1 Qxf3+ 56. Kh2 Qf2+ 57. Kh1 h2 58. Rg2 e3 59. Qxc5 Qe1+
60. Kxh2 Qh4+ 61. Kg1 Qe1+ 62. Kh2 Kg8 63. Qg5+ Kh8 64. Qd8+ Kh7 65. a6 Rf1 66.
Qxc7+ Kg8 67. Qd8+ Kf7 68. Qd5+ Kf8 69. Qd8+ Kf7 70. Qd7+ Kf8 71. Qd8+ Kf7
1/2-1/2

[Event "306th YMCA Autumn A"]
[Site "Warsaw"]
[Date "2025.11.27"]
[Round "10"]
[White "Kowalski, Witold"]
[Black "Rozycki, Bartlomiej"]
[Result "1/2-1/2"]
[WhiteElo "2077"]
[BlackElo "2125"]
[PlyCount "46"]
[EventDate "2025.09.26"]
[EventType "tourn"]
[EventRounds "1"]
[EventCountry "POL"]
[SourceDate "2025.10.01"]

1. c4 Nf6 2. Nc3 e5 3. g3 d5 4. cxd5 Nxd5 5. Bg2 Nb6 6. Nf3 Nc6 7. O-O Be7 8.
d3 O-O 9. a3 Re8 10. b4 Bf8 11. Be3 Nd4 12. Ne4 a5 13. Rb1 axb4 14. axb4 Ra2
15. Nc3 Ra8 16. Qd2 c6 17. Rfe1 Bf5 18. Ng5 h6 19. Nge4 Bxe4 20. Bxe4 Nd5 21.
Bxd4 exd4 22. Nxd5 cxd5 23. Bf3 Ra4 $11 1/2-1/2

[Event "306th YMCA Autumn A"]
[Site "Warsaw"]
[Date "2025.11.28"]
[Round "10"]
[White "Korsun, Wadym"]
[Black "Laffonta, Matthias"]
[Result "1/2-1/2"]
[WhiteElo "1994"]
[BlackElo "2113"]
[PlyCount "36"]
[EventDate "2025.09.26"]
[EventType "tourn"]
[EventRounds "1"]
[EventCountry "POL"]
[SourceDate "2025.10.01"]

1. e4 e5 2. Nf3 Nc6 3. Bb5 Nf6 4. O-O Nxe4 5. Re1 Nd6 6. Nxe5 Be7 7. Nxc6 dxc6
8. Bf1 O-O 9. d4 Bf5 10. Be3 Bg6 11. c3 Nf5 12. Bf4 Bd6 13. Bxd6 cxd6 14. Nd2
Qg5 15. Ne4 Qd8 16. Qb3 Qc7 17. Qb4 Rfe8 18. Ng3 Nxg3 $11 1/2-1/2

[Event "306th YMCA Autumn A"]
[Site "Warsaw"]
[Date "2025.12.05"]
[Round "11"]
[White "Kasperkiewicz, Pawel"]
[Black "Korsun, Wadym"]
[Result "1-0"]
[WhiteElo "1928"]
[BlackElo "1994"]
[PlyCount "69"]
[EventDate "2025.09.26"]
[EventType "tourn"]
[EventRounds "1"]
[EventCountry "POL"]
[SourceDate "2025.10.01"]

1. e4 e5 2. Nf3 Nc6 3. Bb5 a6 4. Bxc6 dxc6 5. O-O Bd6 6. d4 exd4 7. Nxd4 Ne7 8.
Nc3 O-O 9. f4 f5 10. e5 Bc5 11. Nce2 Be6 12. Kh1 Bc4 13. Re1 Qe8 14. b3 Bd5 15.
Be3 Qg6 16. Ng3 Bxd4 17. Qxd4 h5 18. c4 Be6 19. Ne2 b6 20. Rad1 c5 21. Qb2 Rfd8
22. Bf2 Nc6 23. Bh4 Rxd1 24. Rxd1 Qg4 25. Bg5 Nd4 26. Rxd4 cxd4 27. h3 Qxe2 28.
Qxe2 g6 29. Kg1 c5 30. Qf3 Ra7 31. Kf2 b5 32. Qc6 Kf7 33. Qxc5 Rd7 34. Ke1 d3
35. Kd2 1-0

[Event "306th YMCA Autumn A"]
[Site "Warsaw"]
[Date "2025.11.27"]
[Round "11"]
[White "Majek, Kacper"]
[Black "Nowak, Lukasz"]
[Result "1-0"]
[WhiteElo "2125"]
[BlackElo "2221"]
[PlyCount "111"]
[EventDate "2025.09.26"]
[EventType "tourn"]
[EventRounds "1"]
[EventCountry "POL"]
[SourceDate "2025.10.01"]

1. e4 c5 2. Nf3 d6 3. d4 cxd4 4. Nxd4 Nf6 5. Nc3 a6 6. Rg1 b5 7. a4 b4 8. Nd5
Nxd5 9. exd5 Bb7 10. Nf5 Qc7 11. Qd4 e5 12. Qxb4 Bxd5 13. Be3 Be6 14. g4 Nd7
15. Qc3 Qxc3+ 16. bxc3 g6 17. Nh4 d5 18. Nf3 f6 19. Nd2 Bc5 20. Bg2 Ke7 21.
Bxc5+ Nxc5 22. c4 Rhd8 23. Rb1 Rac8 24. cxd5 Bxd5 25. a5 Bxg2 26. Rxg2 Rd4 27.
Rg3 Ne4 28. Rb7+ Kf8 29. Nxe4 Rxe4+ 30. Kf1 Rxc2 31. h3 Rc1+ 32. Kg2 Rec4 33.
Rf3 Rc6 34. Rxh7 Kg8 35. Rb7 Rd1 36. Ra7 Kf8 37. Rb3 Rd8 38. Rbb7 g5 39. Rf7+
Kg8 40. Kf3 Rd3+ 41. Ke4 Rxh3 42. Kf5 Rc8 43. Kg6 Rf8 44. Rg7+ Kh8 45. Rxa6 e4
46. Raa7 Rc8 47. Rac7 Ra8 48. a6 f5 49. Ra7 Rc8 50. gxf5 g4 51. f6 g3 52. Rh7+
Rxh7 53. Rxh7+ Kg8 54. f7+ Kf8 55. Rh8+ Ke7 56. Rxc8 1-0

[Event "306th YMCA Autumn A"]
[Site "Warsaw"]
[Date "2025.12.11"]
[Round "11"]
[White "Rozycki, Bartlomiej"]
[Black "Chrzaszcz, Malvina"]
[Result "1-0"]
[WhiteElo "2125"]
[BlackElo "1955"]
[PlyCount "67"]
[EventDate "2025.09.26"]
[EventType "tourn"]
[EventRounds "1"]
[EventCountry "POL"]
[SourceDate "2025.10.01"]

1. c4 e5 2. g3 Nf6 3. Bg2 d5 4. cxd5 Nxd5 5. Nf3 Nc6 6. Nc3 Be6 7. O-O Bc5 8.
Nxe5 Nxe5 9. d4 Nxc3 10. bxc3 Nd7 11. dxc5 Nxc5 12. Ba3 Qxd1 13. Rfxd1 Nd7 14.
Bxb7 Rb8 15. Bc6 h5 16. Rd4 Rh6 17. Rad1 Rd8 18. Bc1 Rg6 19. Be4 f5 20. Bc6 Rg4
21. Bf4 g5 22. h3 gxf4 23. hxg4 hxg4 24. gxf4 Ke7 25. Kg2 a5 26. a3 Ke8 27. f3
gxf3+ 28. Kxf3 Ke7 29. a4 Ke8 30. e4 Ke7 31. Bxd7 Bxd7 32. Rxd7+ Rxd7 33. Rxd7+
Kxd7 34. exf5 1-0

[Event "306th YMCA Autumn A"]
[Site "Warsaw"]
[Date "2025.12.05"]
[Round "11"]
[White "Flis, Piotr"]
[Black "Podgorski, Maciej"]
[Result "0-1"]
[WhiteElo "2062"]
[BlackElo "2012"]
[PlyCount "120"]
[EventDate "2025.09.26"]
[EventType "tourn"]
[EventRounds "1"]
[EventCountry "POL"]
[SourceDate "2025.10.01"]

1. e4 e5 2. Nf3 Nc6 3. Bb5 a6 4. Ba4 d6 5. O-O Nf6 6. c3 Bd7 7. Re1 Be7 8. d4
O-O 9. h3 Re8 10. Bc2 Bf8 11. Nbd2 Nh5 12. d5 Nb8 13. a4 Qf6 14. Nc4 h6 15. a5
g6 16. Ne3 Nf4 17. c4 h5 18. Ra3 Bh6 19. b4 Kh7 20. Rc3 Rg8 21. Kh2 g5 22. Nf5
Bxf5 23. exf5 g4 24. Ng1 Nd7 25. Re4 Kh8 26. g3 gxh3 27. gxf4 Rg2+ 28. Kxh3
Rag8 29. Rg3 R2xg3+ 30. fxg3 exf4 31. Bxf4 Qxf5+ 32. Kh2 Nf6 33. Re8 Ng4+ 34.
Kg2 Qf6 35. Rxg8+ Kxg8 36. Qf3 Bxf4 37. gxf4 Qb2 38. Qe2 Qxc2 39. Qxc2 Ne3+ 40.
Kf3 Nxc2 41. Ke4 Nxb4 42. Kf5 Nc2 43. Ke4 Kg7 44. Nf3 Na3 45. Kd3 Kf6 46. Nh4
b6 47. Kc3 b5 48. cxb5 Nxb5+ 49. Kc4 Na7 50. Kd4 c5+ 51. Ke4 Nb5 52. Kd3 Nc7
53. Ke4 c4 54. Nf5 c3 55. Ne3 Nb5 56. Kd3 h4 57. Kc2 h3 58. Kb3 h2 59. Ng4+ Kf5
60. Nxh2 Kxf4 0-1

[Event "306th YMCA Autumn A"]
[Site "Warsaw"]
[Date "2025.12.17"]
[Round "12"]
[White "Kowalski, Witold"]
[Black "Flis, Piotr"]
[Result "1-0"]
[WhiteElo "2077"]
[BlackElo "2062"]
[PlyCount "69"]
[EventDate "2025.09.26"]
[EventType "tourn"]
[EventRounds "1"]
[EventCountry "POL"]
[SourceDate "2025.10.01"]

1. e4 g6 2. d4 Bg7 3. Nc3 c6 4. Nf3 d5 5. exd5 cxd5 6. Bf4 Bg4 7. Nb5 Na6 8. h3
Bxf3 9. Qxf3 Nf6 10. Bd3 O-O 11. c3 Ne8 12. O-O e6 13. Qg3 Nf6 14. Qe3 Ne8 15.
Rfe1 Nac7 16. Nxc7 Nxc7 17. h4 Ne8 18. h5 Nd6 19. Re2 Rc8 20. Rae1 Rc6 21. Qh3
Re8 22. Qg4 a6 23. Bg5 Qd7 24. Qf4 Rf8 25. hxg6 hxg6 26. Qh4 Re8 27. Re3 Rcc8
28. Rh3 Nf5 29. Bxf5 exf5 30. Re7 Qd6 31. Qh7+ Kf8 32. Rhe3 f4 33. Rxe8+ Rxe8
34. Rxe8+ Kxe8 35. Qxg7 1-0

[Event "306th YMCA Autumn A"]
[Site "Warsaw"]
[Date "2025.12.12"]
[Round "12"]
[White "Chrzaszcz, Malvina"]
[Black "Choroszej, Aleksander"]
[Result "0-1"]
[WhiteElo "1955"]
[BlackElo "2078"]
[PlyCount "122"]
[EventDate "2025.09.26"]
[EventType "tourn"]
[EventRounds "1"]
[EventCountry "POL"]
[SourceDate "2025.10.01"]

1. e4 g6 2. d4 Bg7 3. Nc3 d6 4. Be3 a6 5. a4 Nf6 6. f3 Nc6 7. Qd2 O-O 8. g4 e5
9. d5 Nd4 10. h4 h5 11. gxh5 Nxh5 12. Nce2 Nxe2 13. Nxe2 Bd7 14. Bg5 Bf6 15.
Rg1 Bxg5 16. Rxg5 Qf6 17. Kf2 Kg7 18. Bg2 Rh8 19. Rh1 Bxa4 20. Bh3 Bb5 21. Ng3
Nxg3 22. Kxg3 Qf4+ 23. Qxf4 exf4+ 24. Kxf4 Rxh4+ 25. Rg4 Rah8 26. Rxh4 Rxh4+
27. Kg3 g5 28. Rc1 Be2 29. Bg4 a5 30. c4 b6 31. b3 Bd3 32. Rc3 Bb1 33. Re3 Kf6
34. Re1 Bc2 35. f4 Bxb3 36. e5+ Kg7 37. e6 fxe6 38. dxe6 Rh8 39. e7 gxf4+ 40.
Kxf4 Ba4 41. Kg5 Be8 42. Rf1 a4 43. Ra1 Kf7 44. Re1 a3 45. Bf3 Rg8+ 46. Kf4 Kf6
47. Bd5 Bf7 48. Bc6 a2 49. Ra1 Kxe7 50. Rxa2 Bxc4 51. Ra7 Rc8 52. Ke4 d5+ 53.
Ke5 b5 54. Rb7 Kd8 55. Ra7 Ke7 56. Rb7 b4 57. Rxb4 Rh8 58. Rb7 Rh5+ 59. Kd4 Kd6
60. Be8 Rh3 61. Bg6 c5# 0-1

[Event "306th YMCA Autumn A"]
[Site "Warsaw"]
[Date "2025.12.10"]
[Round "12"]
[White "Nowak, Lukasz"]
[Black "Rozycki, Bartlomiej"]
[Result "1/2-1/2"]
[WhiteElo "2221"]
[BlackElo "2125"]
[PlyCount "97"]
[EventDate "2025.09.26"]
[EventType "tourn"]
[EventRounds "1"]
[EventCountry "POL"]
[SourceDate "2025.10.01"]

1. e4 c5 2. Nf3 d6 3. Bb5+ Bd7 4. Bxd7+ Qxd7 5. c4 Nc6 6. Nc3 g6 7. d4 cxd4 8.
Nxd4 Bg7 9. Be3 Nf6 10. h3 Nxd4 11. Bxd4 Qc6 12. Qd3 O-O 13. O-O Rac8 14. b3
Nd7 15. Bxg7 Kxg7 16. Qd4+ e5 17. Qxa7 Nc5 18. Qa3 Nd3 19. Nb5 Rcd8 20. Rad1
Qxe4 21. Nxd6 Qe2 22. Nxb7 Ra8 23. Qd6 e4 24. Qd4+ Kg8 25. Nd6 f5 26. a4 Qc2
27. Qd5+ Kg7 28. c5 Rab8 29. c6 Kh6 30. Qc4 Qxc4 31. bxc4 Rb6 32. f3 Rxc6 33.
fxe4 Rxd6 34. exf5 gxf5 35. Rd2 Rc8 36. Rfd1 Rxc4 37. Rxd3 Rxd3 38. Rxd3 Rxa4
39. Rd5 Kg6 40. Kf2 h5 41. g3 h4 42. gxh4 Rxh4 43. Kg3 Ra4 44. Kf3 Ra3+ 45. Kf4
Ra4+ 46. Kf3 Ra3+ 47. Kf4 Ra4+ 48. Kf3 Ra3+ 49. Kf4 1/2-1/2

[Event "306th YMCA Autumn A"]
[Site "Warsaw"]
[Date "2025.12.12"]
[Round "12"]
[White "Laffonta, Matthias"]
[Black "Kasperkiewicz, Pawel"]
[Result "1-0"]
[WhiteElo "2113"]
[BlackElo "1928"]
[PlyCount "111"]
[EventDate "2025.09.26"]
[EventType "tourn"]
[EventRounds "1"]
[EventCountry "POL"]
[SourceDate "2025.10.01"]

1. Nf3 Nf6 2. c4 c5 3. g3 b6 4. Bg2 Bb7 5. O-O g6 6. d3 Bg7 7. e4 O-O 8. Nc3
Nc6 9. h3 d6 10. Be3 Nd7 11. Qd2 Nd4 12. Bxd4 cxd4 13. Nb5 a6 14. Nbxd4 e6 15.
Ne2 Qc7 16. Rac1 Rac8 17. Nc3 Ne5 18. Qe3 Rfd8 19. b3 Qc5 20. Rfd1 Qxe3 21.
fxe3 Nxf3+ 22. Bxf3 b5 23. Kf2 Kf8 24. Ne2 Bc6 25. d4 Bd7 26. h4 Ke8 27. Nf4
Rc7 28. cxb5 Rxc1 29. Rxc1 axb5 30. Nd3 Ra8 31. Rc2 Ra7 32. Ke2 Kd8 33. Kd2 Be8
34. Nb4 Bf8 35. Kc1 h5 36. Nd3 Bh6 37. Kd2 Bg7 38. Be2 Rc7 39. Rxc7 Kxc7 40. a3
Kb6 41. e5 dxe5 42. Nxe5 Bf8 43. b4 Bd6 44. g4 f6 45. Nd3 Bg3 46. gxh5 gxh5 47.
Nf4 Bxf4 48. exf4 Bg6 49. Bd1 Be8 50. Bb3 Bd7 51. Bc2 Be8 52. Ke3 Kc6 53. a4
Kd6 54. a5 Bc6 55. Bd1 Be8 56. Bf3 1-0

[Event "306th YMCA Autumn A"]
[Site "Warsaw"]
[Date "2025.12.13"]
[Round "13"]
[White "Choroszej, Aleksander"]
[Black "Nowak, Lukasz"]
[Result "1-0"]
[WhiteElo "2078"]
[BlackElo "2221"]
[PlyCount "61"]
[EventDate "2025.09.26"]
[EventType "tourn"]
[EventRounds "1"]
[EventCountry "POL"]
[SourceDate "2025.10.01"]

1. d4 e6 2. c4 b6 3. Nc3 Bb4 4. e4 Bb7 5. f3 Bxc3+ 6. bxc3 Qh4+ 7. g3 Qe7 8.
Bd3 d6 9. Qe2 Nd7 10. f4 e5 11. Nf3 Ngf6 12. d5 exf4 13. gxf4 Nc5 14. e5 Nxd3+
15. Qxd3 Nd7 16. O-O Nc5 17. Qd4 O-O 18. Kh1 Rae8 19. Ba3 Bc8 20. Rg1 g6 21.
Rae1 Qd7 22. Rg3 Qa4 23. Bxc5 bxc5 24. Qd3 Qxa2 25. e6 f5 26. Nh4 Rf6 27. Reg1
Ba6 28. Nxg6 hxg6 29. Rxg6+ Rxg6 30. Rxg6+ Kh7 31. Qxf5 1-0

[Event "306th YMCA Autumn A"]
[Site "Warsaw"]
[Date "2025.12.19"]
[Round "13"]
[White "Podgorski, Maciej"]
[Black "Kowalski, Witold"]
[Result "0-1"]
[WhiteElo "2012"]
[BlackElo "2077"]
[PlyCount "86"]
[EventDate "2025.09.26"]
[EventType "tourn"]
[EventRounds "1"]
[EventCountry "POL"]
[SourceDate "2025.10.01"]

1. e4 e5 2. Nf3 Nc6 3. Bc4 Nf6 4. d3 h6 5. O-O d6 6. c3 g5 7. b4 Bg7 8. a4 a6
9. Re1 O-O 10. d4 g4 11. dxe5 gxf3 12. exf6 Qxf6 13. Qxf3 Qxf3 14. gxf3 Nxb4
15. Re2 Nc6 16. f4 Na5 17. Bd5 Bd7 18. Ba3 Rfe8 19. f3 Bc6 20. Rd2 Bxd5 21.
Rxd5 Nc4 22. Ra2 Rad8 23. Bc1 c6 24. Rh5 d5 25. e5 f6 26. Rg2 Kf7 27. Rf5 Re6
28. Na3 Nd6 29. Rh5 fxe5 30. fxe5 Bxe5 31. Rxh6 Rxh6 32. Bxh6 Bxc3 33. Nc2 Nf5
34. Bg5 Re8 35. Kf1 d4 36. Re2 Rg8 37. Rg2 d3 38. Na3 Rxg5 39. Rxg5 Ne3+ 40.
Kf2 d2 41. Rg1 d1=Q 42. Rxd1 Nxd1+ 43. Ke2 Nb2 0-1